000 01576nam a2200397 a 4500
001 ebr10522521
003 CaPaEBR
006 m u
007 cr cn|||||||||
008 000322s2000 njua sb 001 0 eng d
010 _z 00036693
020 _z0691049432 (alk. paper)
020 _z0691049440 (pbk.)
020 _z9780691049441
020 _z9781400823956 (e-book)
040 _aCaPaEBR
_cCaPaEBR
035 _a(OCoLC)52256521
050 1 4 _aD613
_b.G62 2000eb
082 0 4 _a940.4/39
_221
100 1 _aGoemans, H. E.
_q(Hein Erich),
_d1957-
245 1 0 _aWar and punishment
_h[electronic resource] :
_bthe causes of war termination and the First World War /
_cH.E. Goemans.
246 1 4 _aWar & punishment
260 _aPrinceton, N.J. :
_bPrinceton University Press,
_cc2000.
300 _ax, 355 p. :
_bill.
490 1 _aPrinceton studies in international history and politics
504 _aIncludes bibliographical references (p. [325]-350) and index.
533 _aElectronic reproduction.
_bPalo Alto, Calif. :
_cebrary,
_d2013.
_nAvailable via World Wide Web.
_nAccess may be limited to ebrary affiliated libraries.
650 0 _aPeace.
650 0 _aWorld War, 1914-1918
_xArmistices.
650 0 _aPeace treaties.
650 0 _aCapitulations, Military.
655 7 _aElectronic books.
_2local
710 2 _aebrary, Inc.
830 0 _aPrinceton studies in international history and politics.
856 4 0 _uhttp://site.ebrary.com/lib/rucke/Doc?id=10522521
_zAn electronic book accessible through the World Wide Web; click to view
999 _c237944
_d237944